000 00720nam a2200217Ia 4500
005 20241129105918.0
008 241129s9999||||xx |||||||||||||| ||und||
020 _a978-93-92380-16-7
037 _aTB
040 _aARTS
_bhin
_cARTS
041 _ahin
_2hin
084 _aO152,6x R2
_qARTS
100 _aशिशिर, कर्मेन्दु, ले.
245 0 _aनवजागरण के शिल्पी
_cशिशिर, कर्मेन्दु, ले.
260 _aदिल्ली, भारत
_bअनन्य प्रकाशन
_c2022
300 _a200पृ0
365 _aINR
_b450
650 _aHindi Prose
942 _cTB
_hO152,6x R2
999 _c1226551
_d1226551